<<Az>> alsószeli dalia diadala Őszi Ferenc a birkózáson, erőemelésen és szkanderen át jutott el az erősport világába

Bibliographic Details
Main Authors: Juhos, Melinda (ain), Őszi, Ferenc (Author, uin)
Format: Article
Language:Hungarian
PhysicalDescription:Fotogr.
Subjects:

MARC

LEADER 00000nab a2200000 a 4500
001 vtls000845962
003 SK-MaSNL
005 20260319075324.0
008 160405c2003 xo 0 hun
015 |a SNBRB2003/09-25610 
035 |a CLN000197617 
040 |a SNKBUCL  |b slo  |c SNKBUCL  |e AACR2 
041 0 |a hun 
044 |a xo  |c SK 
080 |a 796.8.071  |2 1997 
100 1 |a Juhos, Melinda  |4 ain  |9 868152 
245 1 0 |a <<Az>> alsószeli dalia diadala  |b Őszi Ferenc a birkózáson, erőemelésen és szkanderen át jutott el az erősport világába  |c Juhos Melinda, Őszi Ferenc 
300 |b Fotogr. 
600 1 7 |a Őszi, Ferenc,  |d 1965-  |2 snkbucl  |9 868153 
651 7 |a 202  |2 snkbucl  |9 309878 
655 7 |a články z novín a časopisov  |2 snkbucl  |9 267496 
700 1 |a Őszi, Ferenc  |4 aut  |4 uin  |9 868154 
773 0 |t Új szó  |g Roč. 56, č. 179 (5.8.2003), s. 16 
850 |a Slovenská národná knižnica v Martine 
852 |a SNK  |b KIS3GCP 
958 |a HU 
958 |a SK 
958 |a RBX 
999 |c 1387683  |d 1389613